000 00723nam a2200193Ia 4500
008 090124s9999 xx 000 0 und d
020 _a81-8086-025-6
082 _b43043
100 _aखाडिलकर नीलकंठ (संपादक नवाकाऴ)
245 _aH हिंदुत्व
250 _a1
260 _bपरचुरे प्रकाशन मन्दिर
_c2005
300 _a121
600 _aखाडिलकर नीलकंठ (संपादक नवाकाऴ)
630 _aH हिंदुत्व
700 _aखाडिलकर नीलकंठ (संपादक नवाकाऴ)
730 _aH हिंदुत्व
942 _cBOOK
999 _c109253
_d109253